| 000 | 00485 a2200169 4500 | ||
|---|---|---|---|
| 005 | 20260410124424.0 | ||
| 008 | 260410b |||||||| |||| 00| 0 eng d | ||
| 020 | _a9788178247021 | ||
| 040 | _cSDCL | ||
| 041 |
_2eng _aeng |
||
| 084 | _aV2:24'P R5 | ||
| 100 | _aSridharan, Eswaran | ||
| 245 |
_aIndian Politics and International Relations : _bUnderexplored Issues and Approaches |
||
| 260 |
_aNew Delhi : _bPermanent Black, _c2025. |
||
| 300 | _axii, 388p. | ||
| 942 |
_cTEXL _2CC |
||
| 999 |
_c1848139 _d1848139 |
||